000 00712nam a2200253Ia 4500
003 OSt
005 20221005042600.0
006 a|||||r|||| 00| 0
007 ta
008 221004b |||||||| |||| 00| 0 eng d
024 _a54808
037 _cTextual
040 _aCRL
_cCRL
_beng
041 _2eng
_aeng
082 _aT.73a, M2
100 _aDurnin Richard G
_9590626
245 0 _aAmerican education
_b A guide to information sources.
260 _aDetroit
_bGale Research Company.
_c1982
300 _a247p.
_ccm.
490 _aAmerican studies information guide series,14.
650 _aEDUCATION
942 _hT.73a, M2
_cTEXL
_2cc
999 _c950483
_d950483